Plato's Cratylus : Proceedings from the Eleventh Symposium Platonicum Pragense /

The present volume offers a collection of papers on one of Plato's most intriguing dialogues. Although not a running commentary, the book covers the majority of difficult questions raised by the dialogue in which the subjects of language and ontology are tied closely together. It shows why Plat...

وصف كامل

محفوظ في:

مؤلفون آخرون: Mikeš, Vladimír (المحرر)

التنسيق: كتاب الكتروني

اللغة: English

منشور في: Leiden; Boston : BRILL, 2022.

سلاسل: Brill's Plato Studies Series ; 08.

الموضوعات:

الوصول للمادة أونلاين: Login to view Source

الوسوم: إضافة وسم

لا توجد وسوم, كن أول من يضع وسما على هذه التسجيلة!

رقم الطلب: B367

LEADER 02330nam a22004578i 4500
001 BRILL9789004473027
003 nllekb
005 20230529210834.0
006 m d
007 cr un uuuua
008 200716s2022 ne sb 001 0 eng d
020 |a 9789004473027  |q (electronic book) 
020 |a 9789004473010  |q (print) 
024 7 |a 10.1163/9789004473027  |2 DOI 
035 |z (OCoLC)1263743494 
040 |a NL-LeKB  |c NL-LeKB  |e rda 
050 4 |a B367 
072 7 |a HPCA  |2 bicssc 
072 7 |a PHI  |x 002000 
082 0 4 |a 184  |2 23 
245 0 0 |a Plato's Cratylus :  |b Proceedings from the Eleventh Symposium Platonicum Pragense /  |c edited by Vladimír Mikeš. 
246 3 |a Proceedings from the Eleventh Symposium Platonicum Pragense 
264 1 |a Leiden;   |a Boston :  |b BRILL,  |c 2022. 
300 |a 1 online resource. 
336 |a text  |b txt  |2 rdacontent 
337 |a computer  |b c  |2 rdamedia 
338 |a online resource  |2 rdacarrier 
490 1 |a Brill's Plato Studies Series ;  |v 08 
504 |a Includes bibliographical references and index. 
520 |a The present volume offers a collection of papers on one of Plato's most intriguing dialogues. Although not a running commentary, the book covers the majority of difficult questions raised by the dialogue in which the subjects of language and ontology are tied closely together. It shows why Plato's Cratylus has been highly regarded among readers interested in ancient philosophy and those concerned with modern semantics and theory of language. This collection also presents original views on the position of the dialogue in the whole Plato's œuvre and in the context of Plato's contemporaries and successors. 
559 4 |a B367 
588 |a Description based on print version record. 
650 0 |a Cratylus (Plato) 
650 0 |a Language and languages  |x Philosophy. 
700 1 |a Mikeš, Vladimír,  |e editor. 
776 0 8 |i Print version:  |t Plato's Cratylus : Proceedings from the Eleventh Symposium Platonicum Pragense.  |d Leiden ; Boston : BRILL, 2022  |z 9789004473010 
830 0 |a Brill's Plato Studies Series ;  |v 08. 
856 4 |z DOI:   |u http://dx.doi.org/10.1163/9789004473027 
942 |2 lcc  |c EBOOK 
952 |0 0  |1 0  |2 lcc  |4 0  |6 B0367  |7 1  |9 48097  |a BRILL  |b BRILL  |d 2023-05-29  |l 0  |o B367  |r 2023-05-29 00:00:00  |w 2023-05-29  |y EBOOK 
999 |c 53441  |d 53441